Smart client

Bibliographic Details
Main Author: Lacko, Ľuboslav, 1965- (Author)
Format: Article
Language:Slovak
PhysicalDescription:Sch.
ISSN:1335-4787
Subjects:

MARC

LEADER 00000nab a2200000 a 4500
001 vtls008625478
003 SK-MaSNL
005 20260304144534.0
008 250505c2005 xo mr|p|||||||000 b|slo
015 |a SNBRB2006/02  |2 snkbucl 
035 |a (sysno)vtls008625478 
035 |a urn:nbn:sk:snk-ab6i2c 
035 |a (uuid)40a27c70-0030-4ce0-a907-df34647a1806 
035 |a (urnnbn)urn:nbn:sk:snk:ar-0038za 
038 |a SNKBUCL 
040 |a SNKBUCL  |b slo  |c SNKBUCL  |e AACR2 
041 0 |a slo 
044 |a xo  |c SK 
080 |a 004.382.6/.7  |2 1997 
100 1 |a Lacko, Ľuboslav,  |d 1965-  |4 aut  |9 207258 
245 1 0 |a Smart client  |c Ľuboslav Lacko 
300 |b Sch. 
650 0 7 |a klientské počítače  |2 snkbucl  |9 1459925 
650 0 7 |a smart client  |2 snkbucl  |9 84056 
773 0 |t Infoware  |g Č. november (2005), s. 32-33  |x 1335-4787 
850 |a Slovenská národná knižnica 
852 |a Slovenská národná knižnica 
954 |a odborná, vedecká literatúra pôvodná (slovenská)  |2 lita 
958 |a article2022 
958 |a OND 
958 |a EUIPO 
999 |c 2931923  |d 2933853